Statistics for Biggest U.S. Cities as a Percent of the State

Click here to take the quiz!

General Stats

  • This quiz has been taken 113 times
  • The average score is 19 of 27

Answer Stats

PercentageU.S. City% Correct
43.19%New York
96%
21.25%Chicago
91%
10.12%Los Angeles
91%
22.89%Phoenix
91%
12.32%Denver
87%
15.44%Portland
86%
21.22%Las Vegas
84%
12.86%Indianapolis
81%
40.45%Anchorage
79%
13.32%Boise
78%
24.64%Honolulu
78%
16.09%Oklahoma City
77%
10.34%Baltimore
74%
26.81%Albuquerque
73%
12.24%Philadelphia
72%
10.39%Milwaukee
69%
23.28%Omaha
64%
10.81%Cheyenne
63%
13.87%Louisville
62%
16.97%Providence
62%
15.64%Fargo
61%
10.58%Billings
58%
19.82%Sioux Falls
51%
13.39%Wichita
48%
14.54%Lincoln
47%
10.28%Tulsa
44%
10.29%Casper
32%

Score Distribution

Percentile by Number Answered

Percent of People with Each Score

Your Score History

You have not taken this quiz